| 000 | 00503nam a2200181Ia 4500 | ||
|---|---|---|---|
| 008 | 191130s1971##################000#0#eng## | ||
| 020 | _a9780415382069 | ||
| 040 |
_aACL _cACL |
||
| 082 | _a332.10941 SHE | ||
| 100 | _aSheppard, David k | ||
| 245 |
_aThe growth and role of UK financial institutions _cDavid K. sheppard |
||
| 260 |
_aNew York _bRoutledge _c1971 |
||
| 300 | _a207 p. 23 cm | ||
| 650 | _aEconomics | ||
| 990 | _a9f3b3bd5ac10000c56ce7a0af306bedc | ||
| 991 | _a211799 | ||
| 999 |
_c51772 _d51772 |
||